Industrial ceramics /

Bibliographic Details
Main Author: Singer, Felix, 1888-
Other Authors: Singer, Sonja S.
Format: Book
Language:English
Published: New York : Chemical Publishing Co., [1963]
Subjects:

MARC

Tag First Indicator Second Indicator Subfields
LEADER 00000cam a2200000 4500
001 in00000099910
005 20150926125637.0
008 720830s1963 eng u
035 |a (OCoLC)00395209 
035 |9 AAL4073AM 
040 |c CSU  |d TXA  |d UtOrBLW 
049 |a TXAM  |c [639514] 
090 |a TP807  |b .S54 
100 1 |a Singer, Felix,  |d 1888- 
245 1 0 |a Industrial ceramics /  |c [by] Felix Singer and Sonja S. Singer. 
264 1 |a New York :  |b Chemical Publishing Co.,  |c [1963] 
300 |a ix,1455p :  |b illustrations ;  |c 26cm. 
336 |a text  |b txt  |2 rdacontent 
337 |a unmediated  |b n  |2 rdamedia 
338 |a volume  |b nc  |2 rdacarrier 
650 0 |a Ceramics. 
650 0 |a Ceramic materials. 
700 1 |a Singer, Sonja S. 
999 |a MARS 
999 f f |s 537e6e22-5085-3e47-a117-ddb0a64a1e7c  |i 381481d7-1ba5-3479-b1f0-c7b44b8163d5  |t 0 
952 f f |p normal  |a Texas A&M University  |b College Station  |c Sterling C. Evans Library  |d Evans: Library Stacks  |t 0  |e TP807 .S54  |h Library of Congress classification  |i unmediated -- volume  |m A14805615289 
998 f f |a TP807 .S54  |t 0  |l Evans: Library Stacks